000 00678nam a2200229Ia 4500
003 OSt
005 20260303163034.0
008 210716s2009 xx 000 0 und d
020 _a9788120305649
040 _cAIMIT LIBRARY
041 _aeng
082 _a415
_21
_bDIXR
100 _aDixson, Robert J.
_9257568
245 _aComplete course in english /
_cBy Robert J Dixson.
250 _a1st ed.
260 _aNew Delhi :
_bPHI Learning Pvt Ltd ,
_c2009.
300 _avi,169p. ;
_bPB
_c23.1 cm
650 _aThe lady or the tiger
_9257569
650 _aThe gifts of feodor himkoff
_9257570
650 _aThe woman on the bus
_9257571
942 _2ddc
_cBK
_e1st
_k415 DIXR
999 _c191402
_d191402